1703 1853 1680 1276 1039 1068 1859 1006 1645 1053 1711 1417 1469 1531 1802 1945 1162 1777 1885 1753 1197 1997 1165 1964 1939 1294 1841 1984 1180 1369 1140 1487 1111 1145 1316 1920 1718 1569 1919 1694 1550 1506 1699 1700 1004 1862 1383 1448 1613 1490 1490 1442 1326 1092 1544 1102 1775 1484 1098 1353 1252 1249 1564 1130 1290 1105 1031 1989 1559 1603 1867 1197 1313 1114 1864 1515 1683 1753 1461 1424 1504 1531 1078 1893 1601 1741 1200 1108 1618 1926 1691 1599 1205 1622 1234 1418 1576 1273 1470 BCNSPRNW ULIB Ver.6.0+V

เปลี่ยนเป็นภาษาไทย

Change to English
 แสดงรายละเอียดบรรณานุกรม
  กลับหน้าหลัก

Brief Record : Get Marc (ISO 2709) : E-mail record : QR code < ปิดหน้าต่าง
LEADER : 00000nam 2200000uu 4500
001    13399128187
003     ULIB
008    020711s2023 th a 000 0 eng d
020    ^a9781284197976
060    ^aWY49^bC239H
100    ^aCarpenito, Lynda Juall
245    ^aHandbook of nursing diagnosis /^cLynda Juall Carpenito.
250    ^a16th ed
260    ^aBurlington, Massachusetts :^bJones & Bartlett Learning,^c2023
300    ^a1164 pages;^c21 cm
650    ^aNursing Diagnosis
945    ^p0^l0^i009291
999    ^aประนอม เกษจรัล
รายการนี้ยังไม่มีแท็ก
คุณยังไม่ได้ล็อกอิน คุณสามารถมีกิจกรรมร่วมกับเว็บไซต์ได้ แต่ต้องล็อกอินก่อน ::
  ล็อกอิน

รายการสื่อสารสนเทศ

ลำดับที่ ประเภท เลขเรียก/บาร์โค้ด สถานที่ สถานะ
1. Book การพยาบาล
หนังสือสำรอง
สถานะ=หนังสือสำรอง
WY49 C239H ฉ.1 
  Barcode: 009291
ห้องสมุดวิทยาเขตสวรรค์ประชารักษ์
►หนังสือทั่วไป
บนชั้น

รายการใกล้เคียง
    ผู้แต่ง [Carpenito, Lynda Juall]

    หัวเรื่อง [Nursing Diagnosis]

BibComment


ยังไม่เคยถูกคอมเมนท์

คอมเมนท์ทรัพยากรรายการนี้
  คอมเมนท์: Handbook of nurs..


 Copyright 2026. Bcnsprnw @Library